000 00685nam a2200229Ia 4500
003 0100
008 130303s9999 xx 000 0 und d
020 _a882733753
040 _cARRUPELIB
050 _aD443.E86 1979
245 _aEuropean traditions in the twentieth century
260 _aSt. Louis
260 _bForum Press
260 _C1979
300 _a243 p.
300 _b ill. 22 cm
650 _bChurch and race relations--South Africa
650 _cSouth Africa--Race relations
650 _dChristian Institute of South Africa
700 _aedited by William W. Macdonald, John M. Carroll , MacDonald, William W.Carroll, John M. (John Melvin)
942 0 0 _01
999 _c8953
_d8953